000 00623nam a22001697a 4500
003 OSt
005 20260219101414.0
008 260219b |||||||| |||| 00| 0 eng d
040 _cMRSPTU
041 _aEnglish
100 _aRamakant Garg, Supervisor: Dr. Bal Krishan
245 _aAn Experimental Investigation of the Properties of Concrete by Partial Replacement of Cement with Metakaolin and Fine Aggregate with Waste Foundry Sand
260 _bDepartment of Civil Engg. MRSPTU, Bathinda
_c2018
650 _aCivil Engineering
856 _uhttp://163.47.215.52:8080/jspui/handle/123456789/166
942 _2ddc
_cTH
_n0
999 _c10955
_d10955